Loading...
History - Other History | 0 | 8 | 0 | 0 | 80 | 28 | 79.63 | 0 | 5 |
Science - Physics | 0 | 7 | 0 | 1 | 70 | 41 | 66.86 | 1 | 3 |
Painting/Sculpture | 0 | 5 | 0 | 0 | 50 | 92 | 103.00 | 0 | 0 |
Science - Other Science | 0 | 4 | 0 | 3 | 40 | 45 | 94.50 | 0 | 1 |
Science - Chemistry | 0 | 4 | 0 | 0 | 40 | 61 | 66.25 | 0 | 0 |
Philosophy | 0 | 3 | 0 | 0 | 30 | 65 | 92.00 | 0 | 0 |
Mythology | 0 | 3 | 0 | 1 | 30 | 63 | 85.00 | 0 | 0 |
History - European History | 0 | 2 | 0 | 0 | 20 | 89 | 94.00 | 0 | 0 |
Literature - European Literature | 0 | 1 | 0 | 0 | 10 | 103 | 103.00 | 0 | 0 |
Current Events | 0 | 1 | 0 | 0 | 10 | 58 | 58.00 | 0 | 0 |
History - World History | 0 | 1 | 0 | 0 | 10 | 65 | 65.00 | 0 | 0 |
Social Science | 0 | 1 | 1 | 0 | 5 | 34 | 34.00 | 0 | 1 |
Literature - World Literature | 0 | 0 | 0 | 0 | 0 | 0.00 | 0 | 0 | |
Literature - American Literature | 0 | 0 | 0 | 0 | 0 | 0.00 | 0 | 0 | |
Fine Arts - Classical Music | 0 | 1 | 2 | 0 | 0 | 86 | 86.00 | 0 | 0 |
History - American History | 0 | 0 | 1 | 0 | -5 | 0.00 | 0 | 0 | |
Religion | 0 | 0 | 2 | 0 | -10 | 0.00 | 0 | 0 |